Click the World Cities on a Map #1 - Statistics

General Stats
  • This quiz has been taken 317 times
  • The average score is 24 of 36
Answers on the Map
Answers color-coded by a green-red scale on the quiz's map according to % correct below.
 
Answer Stats
Answer % Correct
Panama City
74%
Paris
74%
Cairo
73%
Istanbul
73%
New York City
72%
San Francisco
72%
Sydney
72%
Tokyo
72%
Bangkok
71%
Barcelona
71%
Dubai
71%
Hamburg
71%
Miami
71%
Moscow
71%
Singapore
71%
Athens
70%
Manila
70%
Tunis
70%
Cape Town
69%
St. Petersburg
69%
Baku
67%
Buenos Aires
67%
Jakarta
67%
Delhi
65%
Kinshasa
65%
Kampala
65%
Colombo
64%
Lima
64%
Dakar
63%
Toronto
63%
Rio de Janeiro
62%
Hanoi
60%
Perth
60%
Guangzhou
56%
Karachi
56%
Kolkata
56%
No matching quizzes found
Score Distribution
Percent of People with Each Score
Percentile by Number Answered
Your Score History
You have not taken this quiz